Potenzrechnen: leicht - Statistiken

Allgemein
  • Dieses Quiz wurde 394 mal gespielt
  • Das Durchschnittsergebnis liegt bei 9 aus 10
Antwortstatistiken
Zahl Ergebnis % Korrekt
1
100%
2
100%
36
100%
8
100%
81
100%
0
98%
1⁰ 1
98%
10⁰ 1
98%
10¹ 10
98%
25
98%
3
98%
4
98%
4
98%
5
98%
6
98%
2⁶ 64
98%
8
98%
9
98%
0
97%
0
96%
10³ 1000
96%
16
96%
27
96%
49
96%
64
96%
7
96%
9
96%
1
95%
10² 100
95%
125
95%
64
95%
1
94%
2⁷ 128
94%
6⁰ 1
92%
8⁰ 1
92%
2⁴ 16
92%
3⁴ 81
92%
3⁰ 1
91%
4⁰ 1
91%
2⁵ 32
91%
2⁰ 1
90%
7⁰ 1
90%
2⁹ 512
90%
216
89%
2⁸ 256
88%
9⁰ 1
87%
5⁴ 625
86%
5⁰ 1
85%
729
84%
4⁴ 256
80%
3⁵ 243
77%
343
75%
512
73%
3⁶ 729
70%
Keine übereinstimmenden Quizze gefunden
Verteilung der Resultate
Anzahl Personen mit jedem Resultat
Perzentil nach korrekt beantworteten Fragen
Ihre Resultats-Entwicklung
Sie haben dieses Quiz noch nicht gespielt